| 000 | 01054nam a22002655a 4500 | ||
|---|---|---|---|
| 003 | OSt | ||
| 005 | 20201128024133.0 | ||
| 008 | 170226s2011 ua frb 000 0 ara d | ||
| 015 | _a2011 / 8023 | ||
| 020 | _a9789770467259 | ||
| 040 |
_aEG-ScBUE _bara _cEG-ScBUE |
||
| 082 | 0 | 4 |
_a341.2 _bم ق ب _222 |
| 100 | 1 | _aمقبل، مصباح جمال مصباح. | |
| 245 | 1 | 2 |
_aالموظف الدولي ومدى مسئولية المنظمة الدولية عن أعماله / _cمصباح جمال مصباح مقبل. |
| 260 |
_aالقاهرة : _bدار النهضة العربية، _c2011. |
||
| 300 |
_a352 ص. ؛ _c24 سم. |
||
| 504 | _aيشتمل على إرجاعات ببليوجرافية. | ||
| 610 | 2 | 7 |
_aمنظمة العمل الدولية. _2BUEsh _92525 |
| 650 | 7 |
_aالعمل والعمال (قانون دولي) _2BUEsh |
|
| 650 | 7 |
_aالموظفون الدوليون. _2BUEsh |
|
| 650 | 7 |
_aالموظفون _xوضع قانوني، قوانين، إلخ. _2BUEsh |
|
| 651 | _2BUEsh | ||
| 653 |
_bLLAAWW _cFebruary2017 |
||
| 942 | _2ddc | ||
| 999 |
_c24272 _d24244 |
||